| 000 | 00391nab a2200133Ia 4500 | ||
|---|---|---|---|
| 003 | ES-SlBCS | ||
| 005 | 20210601125241.0 | ||
| 008 | 140529s1979 xxu||||| |||| 00| 0 eng d | ||
| 041 | _aeng | ||
| 100 | 1 |
_aLee, Harold N. _9155967 |
|
| 245 | 0 | 0 |
_aAre There Any Entities? _c Harold N. Lee |
| 773 | 0 |
_tPhilosophy and Phenomenological Research _gvol. 40, 1979, págs. 123-129 _wRev1411 |
|
| 942 | _cAR | ||
| 999 |
_c527232 _d527232 |
||